ბათუმის შოთა რუსთაველის სახელმწიფო უნივერსიტეტის ბიბლიოთეკა

ღორის მოვლა და კვება. (ბიბ.ჩანაწერი № 44869)

000 -LEADER
fixed length control field 00765nam a2200217Ia 4500
001 - CONTROL NUMBER
control field 11684
003 - CONTROL NUMBER IDENTIFIER
control field GE_BSU
008 - FIXED-LENGTH DATA ELEMENTS--GENERAL INFORMATION
fixed length control field 181216s||||||||xx |||||||||||||| ||und||
040 ## - CATALOGING SOURCE
Transcribing agency GE_BSU
080 ## - UNIVERSAL DECIMAL CLASSIFICATION NUMBER
Universal Decimal Classification number 636.4.083+636.4.084
100 ## - MAIN ENTRY--PERSONAL NAME
Personal name პოპიაშვილი,ი.
245 ## - TITLE STATEMENT
Title ღორის მოვლა და კვება.
245 ## - TITLE STATEMENT
Statement of responsibility, etc. საზოგ.რედ:ნ.მელითაური;მხატვ:ა.სარჩიმელიძე.
260 ## - PUBLICATION, DISTRIBUTION, ETC.
Place of publication, distribution, etc. თბილისი.
260 ## - PUBLICATION, DISTRIBUTION, ETC.
Name of publisher, distributor, etc. საბჭოთა საქართველო.
260 ## - PUBLICATION, DISTRIBUTION, ETC.
Date of publication, distribution, etc. 1965.
300 ## - PHYSICAL DESCRIPTION
Extent 230გვ;21სმ.
300 ## - PHYSICAL DESCRIPTION
Accompanying material დანართი გვ:222.
653 ## - INDEX TERM--UNCONTROLLED
Uncontrolled term ღორის მოვლა და კვება.
942 ## - ADDED ENTRY ELEMENTS (KOHA)
Koha item type წიგნი
ეგზემპლარები
Withdrawn status Lost status Damaged status Not for loan Date acquired Barcode Date last seen Price effective from Koha item type
        2018-12-17 20349 2018-12-17 2018-12-17 წიგნი
        2018-12-17 20348 2018-12-17 2018-12-17 წიგნი